000 00735nam 2200181 4500
001 1722
011 _a9729688737
090 _a1722
100 _a20170519d m||y0pory50 ba
200 _5
_eorientações teológicas e pastorais, documento de Malines 1
_finiciativa e coord. Cardeal Suenens
_gtexto Kilian McDonnell... [et al.],trad. Mário Pinto
_aO renovamento carismático católico
205 _a1a ed
210 _a[S.l.]
_cPneuma,
_d1999
_e[Lisboa]
_gFomento Gráf.
215 _a120 p
_d21 cm
300 _aTít. orig.: Le renouveau charismatique, orientations théologiques et pastorales Contém bibliografia
600 _ainiciativa e coord. Cardeal Suenens
601 _aPneuma
700 _bSuenens,León-Joseph,
_f1905-1996
942 _cBK